| 000 | 00742nam a2200193Ia 4500 | ||
|---|---|---|---|
| 003 | GCL | ||
| 008 | 140319s9999 xx 000 0 ara d | ||
| 040 |
_aGCL / _cGCL |
||
| 082 | 0 | 4 |
_a808.87 _bس ك |
| 100 | 1 | _aسمير شيخانى | |
| 245 | 1 | 0 |
_aكتاب الآنس 1 - مع الظرفاء العرب 2 - مع الظرفاء الفرنسين 3 - مع الظرفاء الأنكلوسكون / _cسمير شيخانى |
| 490 |
_a100 قصة _v0 |
||
| 650 | 0 | 4 | _aالنوادرالعربية |
| 650 | 0 | 4 | _aابن الرومى |
| 650 | 0 | 4 | _aالنوادر الفرنسية |
| 650 | 0 | 4 | _aالادب الشعبى - العالم العربى |
| 650 | 0 | 4 | _aالجاحظ ،ابى عثمان عمرو بن بحر بن محبوب |
| 942 |
_2ddc _cBK |
||
| 999 |
_c43820 _d43820 |
||